Liverpool Kader 25/26 - Statistiken

Allgemein
  • Dieses Quiz wurde 270 mal gespielt
  • Das Durchschnittsergebnis liegt bei 17 aus 27
Antwortstatistiken
Rückennummer Position Spieler % Korrekt
4 IV Virgil van Dijk
98%
7 ZOM Florian Wirtz
97%
1 TW Alisson
96%
11 RF Mohamed Salah
95%
9 ST Alexander Isak
92%
10 ZM Alexis Mac Allister
88%
5 IV Ibrahima Konaté
88%
22 ST Hugo Ekitiké
85%
18 LF Cody Gakpo
83%
26 LV Andrew Robertson
82%
30 RV Jeremie Frimpong
77%
6 LV Milos Kerkez
76%
38 ZDM Ryan Gravenberch
75%
8 ZOM Dominik Szoboszlai
74%
2 IV Joe Gomez
73%
12 RV Conor Bradley
59%
3 ZDM Wataru Endo
59%
17 ZM Curtis Jones
56%
14 RF Federico Chiesa
53%
25 TW Giorgi Mamardashvili
46%
73 LF Rio Ngumoha
33%
15 IV Giovanni Leoni
24%
28 TW Freddie Woodman
22%
42 ZM Trey Nyoni
19%
43 ZDM Stefan Bajcetic
15%
41 TW Ármin Pécsi
10%
46 IV Rhys Williams
10%
Keine übereinstimmenden Quizze gefunden
Verteilung der Resultate
Anzahl Personen mit jedem Resultat
Perzentil nach korrekt beantworteten Fragen
Ihre Resultats-Entwicklung
Sie haben dieses Quiz noch nicht gespielt